Bifurcation : analysis, algorithms, applications : proceedings of the conference at the University of Dortmund, August 18-22, 1986 /

Bibliographic Details
Other Authors: Küpper, T. (Tassilo), 1947-, Seydel, R. (Rüdiger), 1947-, Troger, H. (Hans), 1943-
Format: Book
Language:English
Published: Basel ; Boston : Birkhäuser Verlag, 1987.
Series:International series of numerical mathematics ; v. 79.
Subjects:

MARC

Tag First Indicator Second Indicator Subfields
LEADER 00000cam a22000008a 4500
001 in00000008970
005 20151007051442.0
008 870206s1987 sz a b 10000 eng
010 |a  87005111  
020 |a 0817617981 (U.S.) 
035 |a (OCoLC)15220891 
035 |9 AAA3040AM 
040 |a DLC  |c DLC  |d m/c  |d TXA  |d UtOrBLW 
049 |a TXAM  |c [A12617713] 
050 0 0 |a QA372  |b .B52 1987 
082 0 |a 515.3/52  |2 19 
245 0 0 |a Bifurcation :  |b analysis, algorithms, applications : proceedings of the conference at the University of Dortmund, August 18-22, 1986 /  |c edited by T. Küpper, R. Seydel, H. Troger. 
264 1 |a Basel ;  |a Boston :  |b Birkhäuser Verlag,  |c 1987. 
300 |a viii, 359 pages :  |b illustrations 
336 |a text  |b txt  |2 rdacontent 
337 |a unmediated  |b n  |2 rdamedia 
338 |a volume  |b nc  |2 rdacarrier 
490 1 |a ISNM ;  |v 79 =  |a International series of numerical mathematics ;  |v vol. 79 
504 |a Includes bibliographies. 
650 0 |a Bifurcation theory  |v Congresses. 
700 1 |a Küpper, T.  |q (Tassilo),  |d 1947- 
700 1 |a Seydel, R.  |q (Rüdiger),  |d 1947- 
700 1 |a Troger, H.  |q (Hans),  |d 1943- 
830 0 |a International series of numerical mathematics ;  |v v. 79. 
999 |a MARS 
999 f f |s a76ad096-5558-31f4-a9c3-dadee0666ced  |i bba52d6a-9976-3ed4-a7e7-7015af0e9b32  |t 0 
952 f f |p normal  |a Texas A&M University  |b College Station  |c Sterling C. Evans Library  |d Evans: Library Stacks  |t 0  |e QA372 .B52 1987  |h Library of Congress classification  |i unmediated -- volume  |m A14812617713 
998 f f |a QA372 .B52 1987  |t 0  |l Evans: Library Stacks